| 000 | 00308 a2200133 4500 | ||
|---|---|---|---|
| 999 |
_c322031 _d322031 |
||
| 001 | 86958 | ||
| 003 | NUST | ||
| 005 | 20180124100123.0 | ||
| 008 | 180124b xxu||||| |||| 00| 0 eng d | ||
| 082 | _a813.6 HOS | ||
| 100 |
_aKhaled Hosseini _99659 |
||
| 245 |
_aAnd The Mountains Echoed _hEnglish |
||
| 250 | _a1st | ||
| 260 |
_aNew York _bBlooms Bury _c2013 |
||
| 300 | _a404p | ||
| 942 |
_aCAE NUST _cBK _k813.6 HOS _2ddc |
||